00476nam a2200181 a 4500001001300000003000900013005001700022008004100039020001000080082001700090100002900107245002100136260003600157300000800193500003500201650002900236700002900265nice12345678IN_TiNIC20260116011857.0050524s2000 alla grp 000 0 urd  ac10000a297.64bMAH2 aMahmood-Ul- Iqbad, Abbas aSeerat-E-aye Sha aAllahabad bNo Publisher c2000 a20p aincludes index and biblioraphy aMuhammad, Prophet-Family1 aMahmood-Ul- Iqbad, Abbas